All fruits - Statistics

General Stats
  • This quiz has been taken 35 times
    28 since last reset
  • The average score is 25 of 145
Answer Stats
Answer % Correct
Apple
100%
Banana
88%
Orange
83%
Pear
83%
Watermelon
83%
Blueberry
75%
Grape
75%
Pineapple
75%
Strawberry
75%
Kiwi
71%
Cherry
63%
Mango
63%
Peach
63%
Grapefruit
58%
Raspberry
58%
Blackberry
54%
Durian
54%
Lemon
54%
Lime
54%
Avocado
46%
Cantaloupe
46%
Cranberry
46%
Dragonfruit
46%
Honeydew
46%
Plum
46%
Tangerine
46%
Apricot
42%
Papaya
42%
Passionfruit
42%
Blood orange
38%
Lychee
38%
Pomegranate
38%
Star fruit
38%
Coconut
33%
Guava
33%
Pomelo
33%
Date
29%
Blackcurrant
25%
Persimmon
25%
Redcurrant
25%
Elderberry
21%
Fig
21%
Lingonberry
21%
Mandarine
21%
Cloudberry
17%
Gooseberry
17%
Jackfruit
17%
Olive
17%
Plantain
17%
Rambutan
17%
Satsuma
17%
Bilberry
13%
Goji berry
13%
Huckleberry
13%
Mangosteen
13%
Mulberry
13%
Yuzu
13%
Cacao
8%
Clementine
8%
Kumquat
8%
Longan
8%
Whitecurrant
8%
Acai
4%
Boysenberry
4%
Breadfruit
4%
Canistel
4%
Cherimoya
4%
Citron
4%
Crab apple
4%
Finger lime
4%
Galia melon
4%
Juniper berry
4%
Loganberry
4%
Marionberry
4%
Miracle fruit
4%
Monkfruit
4%
Muskmelon
4%
Pineberry
4%
Quince
4%
Salmonberry
4%
Sapodilla
4%
Soursop
4%
Ximenia
4%
Abiu
0%
Acerola
0%
Ackee
0%
African cherry orange
0%
Akebi
0%
Aratiles
0%
Araza
0%
Black sapote
0%
Buddha's hand
0%
Cactus pear
0%
Catmon
0%
Cempedak
0%
Ceriman
0%
Cheesefruit
0%
Chico fruit
0%
Coco de mer
0%
Current
0%
Damson
0%
Feijoa
0%
Gac
0%
Guarana
0%
Hala fruit
0%
Haws
0%
Honeyberry
0%
Jabuticaba
0%
Jambul
0%
Japanese plum
0%
Jostaberry
0%
Jujupe
0%
Kaffir lime
0%
Kiwano
0%
Lanzones
0%
Loquat
0%
Lulo
0%
Macopa
0%
Magellan barberry
0%
Mamey apple
0%
Mamey sapote
0%
Medlar
0%
Monstera deliciosa
0%
Mouse melon
0%
Nance
0%
Pawpaw
0%
Plumcot
0%
Rose apple
0%
Salak
0%
Salal berry
0%
Santol
0%
Sapote
0%
Sarguelas
0%
Saskatoon berry
0%
Sloe
0%
Star apple
0%
Sugar apple
0%
Suriname cherry
0%
Tamarillo
0%
Tamarind
0%
Tangelo
0%
Tayberry
0%
Thimbleberry
0%
Ugli fruit
0%
White sapote
0%
No matching quizzes found
Score Distribution
Percent of People with Each Score
Percentile by Number Answered
Your Score History
You have not taken this quiz since the last reset